000 00383pab a2200145 454500
008 180718b2002 xxu||||| |||| 00| 0 eng d
100 _aLiann, Tan Kin
245 _aThe unique co-operative response to globalisation
260 _c2002
300 _ap.14-19.
650 _aCooperatives
650 _aGlobalization
773 _aReview of International Cooperation
909 _a54870
999 _c54870
_d54870